000 00518cam a2200217ua 4500
001 9863
005 20260515114532.0
008 161003n ii |||gr||||Z||||||eng
020 _a8121922542
040 _cMAIN
041 _aeng
082 _a338.5
100 _aAhuja, H.L.,
_eAuthor.
245 _aIntroduction to microeconomic theory
_cBy H.L. Ahuja
250 _a3rd rev.ed.
260 _aNew Delhi:
_bS. Chand,
_c2007.
300 _a229p.
653 _aProduction
653 _aMicroeconomics
942 _cBK
999 _c8865
_d8865